Nuclear weapons after the 2010 NPT review conference / (Record no. 126707)

MARC details
000 -LEADER
campo de control de longitud fija 02019cam a22004574a 4500
001 - NÚMERO DE CONTROL
campo de control 16526932
003 - IDENTIFICADOR DE NÚMERO DE CONTROL
campo de control BJBSDDR
005 - FECHA Y HORA DE LA ÚLTIMA TRANSACCIÓN
campo de control 20260326171720.0
006 - CÓDIGOS DE INFORMACIÓN DE LONGITUD FIJA--CARACTERÍSTICAS DEL MATERIAL ADICIONAL
campo de control de longitud fija a|||||r|||| 00| 0
007 - CAMPO FIJO DE DESCRIPCIÓN FÍSICA--INFORMACIÓN GENERAL
campo de control de longitud fija ta
008 - DATOS DE LONGITUD FIJA--INFORMACIÓN GENERAL
campo de control de longitud fija 101101s2010 fr rb 000 0 eng d
010 ## - NÚMERO DE CONTROL DE LA BIBLIOTECA DEL CONGRESO
Número de control de LC 2010535055
020 ## - NÚMERO INTERNACIONAL ESTÁNDAR DEL LIBRO
Número Internacional Estándar del Libro 9789291981656
035 ## - NÚMERO DE CONTROL DEL SISTEMA
Número de control de sistema 16526932
035 ## - NÚMERO DE CONTROL DEL SISTEMA
Número de control de sistema (OCoLC)648764752
040 ## - FUENTE DE CATALOGACIÓN
Centro catalogador/agencia de origen OSU
Centro/agencia transcriptor OSU
Centro/agencia modificador DLC
Lengua de catalogación eng
041 ## - CÓDIGO DE IDIOMA
Código de lengua del texto/banda sonora o título independiente eng
042 ## - CÓDIGO DE AUTENTICACIÓN
Código de autenticación lccopycat
050 00 - SIGNATURA TOPOGRÁFICA DE LA BIBLIOTECA DEL CONGRESO
Número de clasificación KZ5670
Número de ítem .N964 2010
245 00 - MENCIÓN DEL TÍTULO
Título Nuclear weapons after the 2010 NPT review conference /
Mención de responsabilidad, etc. Ian Anthony ... [et al.] ; ed. by Jean Pascal Zanders.
260 ## - PUBLICACIÓN, DISTRIBUCIÓN, ETC.
Lugar de publicación, distribución, etc. Paris :
Nombre del editor, distribuidor, etc. European Union, Institute for Security Studies,
Fecha de publicación, distribución, etc. 2010.
300 ## - DESCRIPCIÓN FÍSICA
Extensión 111 pages ;
Dimensiones 24 cm.
336 ## - TIPO DE CONTENIDO
Término de tipo de contenido text
Código de tipo de contenido txt
Fuente rdacontent
337 ## - TIPO DE MEDIO
Nombre/término del tipo de medio unmediated
Código del tipo de medio n
Fuente rdamedia
338 ## - TIPO DE SOPORTE
Nombre/término del tipo de soporte volume
Código del tipo de soporte nc
Fuente rdacarrier
490 0# - MENCIÓN DE SERIE
Mención de serie Chaillot papers,
Número Internacional Normalizado para Publicaciones Seriadas 1017-7566 ;
Designación de volumen o secuencia 120
504 ## - NOTA DE BIBLIOGRAFÍA, ETC.
Nota de bibliografía, etc. Includes bibliographical references.
520 ## - RESUMEN, ETC.
Sumario, etc. Este libro es una publicación académica especializada que examina los armas nucleares y los temas de desarme y seguridad tras la Conferencia de Revisión del Tratado de No Prolifera­ción Nuclear (TNP) de 2010. Analiza cuestiones clave sobre la política nuclear global, los retos planteados por la proliferación y la relevancia del TNP en el contexto de la seguridad internacional tras 2010.
611 20 - PUNTO DE ACCESO ADICIONAL DE MATERIA--NOMBRE DE REUNIÓN/CONGRESO
Nombre de congreso/reunión o jurisdicción como elemento de entrada Review Conference of the Treaty on the Non-proliferation of Nuclear Weapons
Número del congreso/reunión o número de parte o sección (8th :
Fecha del congreso o de la firma del tratado 2010 :
Sede del congreso/Lugar de la reunión New York, N.Y.)
650 #0 - PUNTO DE ACCESO ADICIONAL DE MATERIA--TÉRMINO DE MATERIA
Término de materia o nombre geográfico como elemento de entrada Nuclear weapons.
650 #0 - PUNTO DE ACCESO ADICIONAL DE MATERIA--TÉRMINO DE MATERIA
Término de materia o nombre geográfico como elemento de entrada World politics
Subdivisión cronológica 21st century.
650 #0 - PUNTO DE ACCESO ADICIONAL DE MATERIA--TÉRMINO DE MATERIA
Término de materia o nombre geográfico como elemento de entrada Security, International.
700 1# - ENTRADA AGREGADA--NOMBRE PERSONAL
Nombre de persona Anthony, Ian
9 (RLIN) 45827
700 1# - ENTRADA AGREGADA--NOMBRE PERSONAL
Nombre de persona Zanders, J. P.
Término indicativo de función/relación ed.
Forma completa/desarrollada del nombre (Jean Pascal ).
9 (RLIN) 47734
710 2# - ENTRADA AGREGADA--NOMBRE DE ENTIDAD CORPORATIVA
Nombre de entidad corporativa o nombre de jurisdicción como elemento de entrada Institute for Security Studies (Paris, France)
906 ## - ELEMENTOS DE DATOS F LOCAL, LDF (RLIN)
a 7
b cbc
c copycat
d 3
e ncip
f 20
g y-gencatlg
942 ## - ELEMENTOS DE ENTRADA SECUNDARIOS (KOHA)
Fuente del sistema de clasificación o colocación Clasificación de Library of Congress
Suprimir en OPAC No
Tipo de ítem Koha Libro
946 ## - PROCESAMIENTO DE INFORMACIÓN LOCAL (OCLC)
Iniciales del agente catalogador llh
Holdings
Estatus retirado Estado de pérdida Fuente del sistema de clasificación o colocación Estado de daño No para préstamo Colección Biblioteca de origen Biblioteca actual Ubicación en estantería Fecha de adquisición Signatura topográfica completa Código de barras Visto por última vez Copia número Tipo de ítem Koha
    Clasificación de Library of Congress     Automatización y Procesos Técnicos Biblioteca Juan Bosch Biblioteca Juan Bosch Automatización y Procesos Técnicos (1er. Piso) 26/03/2026 KZ5670 .N964 2010 00000198486 26/03/2026 1 Libro